| 000 | 00642nam a22002177a 4500 | ||
|---|---|---|---|
| 999 |
_c222 _d222 |
||
| 003 | OSt | ||
| 005 | 20250925020003.0 | ||
| 008 | 140716b xxu||||| |||| 00| 0 eng d | ||
| 020 | _a9780415469630 | ||
| 040 | _cDDC | ||
| 082 |
_222nd ed. _a363.7 ENV 2009 |
||
| 100 |
_aEdited by Eddie, N. Laboy _9584 |
||
| 245 | _aEnvironmental Mangement Sustainable Development and Human Health | ||
| 260 |
_aLondon; _bCRC Press, _c2009 |
||
| 300 |
_axiii,433p; _bill: _c24cm |
||
| 504 | _aNotes, & index included | ||
| 650 |
_aEnvironment protection _9583 |
||
| 650 |
_aSustainable development _91103 |
||
| 650 |
_aHealth care _912 |
||
| 942 |
_2ddc _cB_BANK _01 |
||